| 000 | 00348nam a2200121Ia 4500 | ||
|---|---|---|---|
| 005 | 20260328104259.0 | ||
| 008 | 260328s9999||||xx |||||||||||||| ||und|| | ||
| 100 | _aBenedito, Jose Antonio (Papa Francisco) | ||
| 245 | 0 |
_aLaudato Si "Alabado Sea" / _cJose Antonio (Papa Francisco) Benedito |
|
| 300 | _a208 p. | ||
| 650 | _aBIOCLIMATISMO | ||
| 942 | _cBK | ||
| 999 |
_c10531 _d10531 |
||